| 000 | 00790nam a22002297a 4500 | ||
|---|---|---|---|
| 003 | OSt | ||
| 005 | 20251028030410.0 | ||
| 008 | 251028b |||||||| |||| 00| 0 eng d | ||
| 020 | _a978-621-04-22085 | ||
| 040 |
_aDWCL-Main lib _cOC |
||
| 082 | _aFil. 371.826 L732c 2021 | ||
| 100 | _aLim, Joanna Marie A. | ||
| 245 |
_a A Course Module for Language Programs and Policies in Multilingual Societies/ _cJoanna Marie A. Lim |
||
| 260 |
_aManila: _bRex Book store Inc, _cc2021 |
||
| 300 |
_avi, 92 pages : _billustrations ; _c25cm. |
||
| 504 | _aIncludes bibliographical references | ||
| 650 | _a1. Language and education | ||
| 650 | _a2. Multicultural education | ||
| 650 | _a3. Multiculturalism | ||
| 650 | _a4. Multiculturalism-- module | ||
| 942 |
_2ddc _cBK - FIL _kFil. _n0 |
||
| 999 |
_c5210 _d5210 |
||